000 01212cam a22003377a 4500
003 CHAP
005 20220817043815.0
008 971010c19761913 r 00010 d
010 _a84991
011 _a85963
035 _a96501
040 _cCHAP
082 _a335.6
_bP4
100 0 0 _aPérez Taylor, Rafael.
_990051
245 1 3 _aEl socialismo en México
_b: Primer Secretario de la Gran Liga Mexicana de Librepensadores
260 _aMéxico, D.F. :
_bCentro de Estudios Históricos de Movimiento Obrero Mexicano,
_c1976 [c1913]
300 _a120 p.
_b: ilus.
410 0 0 _aCentro de Estudios Históricos del Movimiento Obrero Mexicano
490 0 _aCuadernos obreros
_v; 5
590 _aBATCH-UPD
_b10
_c20130110
_lUCH01
_h0543
590 _aBATCH-UPD
_b10
_c20130410
_lUCH01
_h0224
590 _aBATCH-UPD
_b10
_c20130914
_lUCH01
_h0909
590 _aCONVERSION
_b10
_c20130109
_lUCH01
_h1347
650 1 4 _aSocialismo.
_9108040
810 0 0 _aCentro de Estudios Históricos del Movimiento Obrero Mexicano
830 0 _aCuadernos obreros
_v; 5
_929872
901 _aBK
905 _aAlejandra Carrasco M.
942 _cLIBRO
949 _a335.6 P4
_bBC
_cLIBRO
_d33724000859195
_eLIBRO
_h102039
_i96501
_kDon.
_sb
999 _c84991
_d84991